Breve relación de la destrucción de las Indias Occidentales (Record no. 10548)

MARC details
000 -CABECERA
campo de control de longitud fija 01081nam a2200265 a 4500
001 - NÚMERO DE CONTROL
campo de control BRL_1740
005 - FECHA Y HORA DE LA ÚLTIMA TRANSACCIÓN
campo de control 20190320211340.0
008 - DATOS DE LONGITUD FIJA--INFORMACIÓN GENERAL
campo de control de longitud fija 230715s1957----mx-a######---#000-0#spa-#
041 ## - CÓDIGO DE LENGUA
Código de lengua del texto/banda sonora o título independiente spa
044 ## - CÓDIGO DEL PAÍS DE LA ENTIDAD EDITORA/PRODUCTORA
Código MARC del país mx
050 #4 - SIGNATURA TOPOGRÁFICA DE LA BIBLIOTECA DEL CONGRESO
Número de clasificación F1411
Número de documento/Ítem .C37 1957
100 1# - ENTRADA PRINCIPAL--NOMBRE DE PERSONA
Nombre de persona Casas, Bartolomé de las
Fechas asociadas al nombre 1484-1566
9 (RLIN) 27758
245 10 - MENCIÓN DE TÍTULO
Título Breve relación de la destrucción de las Indias Occidentales
Resto del título presentada a Felipe II siendo príncipe de Asturias
Mención de responsabilidad, etc. por Don Fray Bartolomé de las Casas (Del Orden de Predicadores, Obispo de Chiapa) ; notas del licenciado Ignacio Romerovargas Yturbide ; ilustraciones de Vicente Rojo.
260 ## - PUBLICACIÓN, DISTRIBUCIÓN, ETC.
Lugar de publicación, distribución, etc. México
Nombre del editor, distribuidor, etc. Libros Luciernaga
Fecha de publicación, distribución, etc. 1957
300 ## - DESCRIPCIÓN FÍSICA
Extensión 178 p.
Otras características físicas il.
Dimensiones 23 cm.
500 ## - NOTA GENERAL
Nota general Estado físico : camisa muy deteriorada, se encuentra en el interior del libro
500 ## - NOTA GENERAL
Nota general Au1942
650 14 - PUNTO DE ACCESO ADICIONAL DE MATERIA--TÉRMINO DE MATERIA
Término de materia o nombre geográfico como elemento de entrada Trato a los indígenas
9 (RLIN) 27750
650 14 - PUNTO DE ACCESO ADICIONAL DE MATERIA--TÉRMINO DE MATERIA
Término de materia o nombre geográfico como elemento de entrada Indígenas de México
Subdivisión general Misiones
9 (RLIN) 864
651 #4 - PUNTO DE ACCESO ADICIONAL DE MATERIA--NOMBRE GEOGRÁFICO
Nombre geográfico España
Subdivisión general Colonias
Subdivisión geográfica América
9 (RLIN) 2838
700 1# - PUNTO DE ACCESO ADICIONAL--NOMBRE DE PERSONA
Nombre de persona Romerovargas Yturbide, Ignacio
9 (RLIN) 23252
700 1# - PUNTO DE ACCESO ADICIONAL--NOMBRE DE PERSONA
Nombre de persona Rojo, Vicente
Término indicativo de función/relación il.
9 (RLIN) 19416
902 ## - CATALOGADOR
Iniciales GRL
942 ## - ELEMENTOS DE PUNTO DE ACCESO ADICIONAL (KOHA)
Fuente del sistema de clasificación o colocación Library of Congress Classification
Tipo de ítem Koha Libros
Holdings
Estado de retiro Estado de pérdida Estado dañado No para préstamo Localización permanente Ubicación/localización actual Fecha de adquisición Número de inventario Total de préstamos Signatura topográfica completa Código de barras Fecha visto por última vez Precio válido a partir de Tipo de ítem Koha
El ejemplar forma parte de la colección y puede ser consultado según las políticas vigentes.       Biblioteca Centro de Estudios Ruth D. Lechuga Biblioteca Centro de Estudios Ruth D. Lechuga 23/07/2015 Au1942   F1411 .C37 1957 (Au1942) GRL01906 22/03/2019 22/03/2019 Libros